Kádrová a personálna práca vo veľkovýrobných podmienkach v poľnohospodárstve na JRD 20. výročia SNP v Gemeri, okres Rimavská Sobota záverečná práca postgraduálneho štúdia

Salvato in:
Dettagli Bibliografici
Autore principale: Schmotzer, Ján
Ente Autore: Vysoká škola ekonomická v Bratislave
Altri autori: Jurášek, Prokop
Natura: Libro
Lingua:slovacco
Pubblicazione: Bratislava 1979
Tags: Aggiungi Tag
Nessun Tag, puoi essere il primo ad aggiungerne!!

MARC

LEADER 00000nam a2200000 4500
001 c028019
005 20230116095058.5
041 0 |a slo 
044 |a SK 
245 1 0 |a Kádrová a personálna práca vo veľkovýrobných podmienkach v poľnohospodárstve na JRD 20. výročia SNP v Gemeri, okres Rimavská Sobota  |b záverečná práca postgraduálneho štúdia  |c Ján Schmotzer ; ved. práce Prokop Jurášek 
264 1 |a Bratislava  |c 1979 
300 |a 74 s. 
100 1 |a Schmotzer, Ján 
700 1 |a Jurášek, Prokop 
710 2 |a Vysoká škola ekonomická v Bratislave